| 000 | 00685nam a2200253Ia 4500 | ||
|---|---|---|---|
| 003 | OSt | ||
| 005 | 20220924123308.0 | ||
| 006 | a|||||r|||| 00| 0 | ||
| 007 | ta | ||
| 008 | 220923b |||||||| |||| 00| 0 urd d | ||
| 020 | _c12 | ||
| 024 | _a321709 | ||
| 037 | _cTextual | ||
| 040 |
_aARTS _cARTS _burd |
||
| 041 |
_2urd _aurd |
||
| 082 | _aQ7:4x, 168L2 | ||
| 100 |
_aThanvi Mohammad Ashraf Ali Au. _9192334 |
||
| 245 | 0 | _aAl-Badai | |
| 260 |
_aMuzaffar _bNagar Nazim maktaba India _c1972 |
||
| 300 |
_a296p. _ccm. |
||
| 650 | _aRITES AND CEREMONIES | ||
| 942 |
_hQ7:4x, 168L2 _cTEXL _2CC |
||
| 999 |
_c415147 _d415147 |
||